000 00405nam a2200157Ia 4500
008 240729s9999 xx 000 0 und d
022 _a2090-0716
245 0 _aJournal of Obesity
260 _aUnited Kingdom
260 _bHindawi Limited
650 _a Internal medicine
650 _aMedicine
856 _uhttps://doaj.org/toc/5a2bc139711841c1ab13bae04a7696b9
942 _2ddc
942 _cDOAJEJ
999 _c71779
_d71779
945 _a1
_bMadushi Gamage
_c1
_dMadushi Gamage